| 000 | 00459nam a22001697a 4500 | ||
|---|---|---|---|
| 003 | NUST - PNEC | ||
| 005 | 20170116181110.0 | ||
| 008 | 150904b xxu||||| |||| 00| 0 eng d | ||
| 020 | _a0713669470 | ||
| 040 | _cLIBRARY | ||
| 082 | _b623.87 MOR | ||
| 100 |
_97482 _aMorton, Thomas D. |
||
| 245 |
_aReed's motor engineering knowledge for marine engineers _cThomas D. Morton |
||
| 260 | _cc.2003 | ||
| 650 |
_912855 _aMotor engineering _xME |
||
| 942 |
_2ddc _cBK |
||
| 999 |
_c69074 _d69074 |
||